00253nam a2200121Ia 4500100001900000366000700019654001300026245003300039260002500072082001400097300000800111546001200119 aBoyd/Donald W  f25 amodeling aSystem Analysis and modeling bAcademic Pressc2001 a4.21bBOY a365 aENGLISH